[Event "XLIII Torneo di Capodanno"]
[Site "Reggio nell'Emilia ITA"]
[Date "2001.01.05"]
[Round "7"]
[White "Zaja, Ivan"]
[Black "Tomescu, Vlad"]
[Result "1-0"]
[WhiteElo "2513"]
[BlackElo "2432"]
[PlyCount "61"]
[EventDate "2000.12.30"]

1. d4 b5 2. e4 Bb7 3. Nd2 a6 4. a4 b4 5. c4 c5 6. d5 e5 7. g3 d6 8. Bg2 g6 9.
Ne2 Bg7 10. O-O Ne7 11. f4 Nd7 12. Nf3 Qc7 13. Bh3 a5 14. Bxd7+ Qxd7 15. fxe5
dxe5 16. Be3 Ba6 17. b3 Qd6 18. Nc1 Rc8 19. Nd3 O-O 20. Qd2 Nf5 21. exf5 e4 22.
Bf4 Qb6 23. Be5 exd3 24. Qxd3 Rce8 25. Nh4 g5 26. Bxg7 Kxg7 27. f6+ Kh8 28. Rf5
Bc8 29. Nf3 Rg8 30. Ne5 Rgf8 31. Re1 1-0